000 00924nam a22001937a 4500
999 _c58849
_d58849
003 Ge_BSU
005 20221007145353.0
008 221007s1972 ge ||||| |||| 00| 0 geo d
041 _ageo
080 _a1(09) გ-59
100 _aგოგიბერიძე, მოსე
_93633
245 _aრჩეული ფილოსოფიური თხზულებანი :
_b ფილოსოფიის ისტორია. ტ 1.
_cმოსე გოგიბერიძე; პროფ. გ. თევზაძის რედ.
264 _aთბილისი :
_bთბილისის უნ-ტის გამ-ბა,
_c1972.
300 _a638 გვ. ;
_b22 სმ.
504 _aბიბლიოგრ.გვ:621-628
653 _aფილოსოფიის ისტორია
700 _aთევზაძე, გიგი
_eრედაქტორი
_9750
942 _2udc
_cBK